Leitfaden über Gefängniskunde

Gespeichert in:  
Bibliographische Detailangaben
1. VerfasserIn: Michaelis, Franz von (Verfasst von)
Medienart: Druck Buch
Sprache:Deutsch
Veröffentlicht: Münster Theissing 1925
In:Jahr: 1925
Bestand in Albert-Krebs Bibliothek:NA.05.015
1996-27
Verfügbarkeit prüfen: HBZ Gateway
Subito Bestelldienst: Jetzt bestellen.
Schlagwörter:

MARC

LEADER 00000cam a2200000 c 4500
001 243611552
003 DE-627
005 20250318205957.0
007 tu
008 980511s1925 xx ||||| 00| ||ger c
035 |a (DE-627)243611552 
035 |a (DE-576)9243611550 
035 |a (DE-599)GBV243611552 
035 |a (OCoLC)246201958 
040 |a DE-627  |b ger  |c DE-627  |e rakwb 
041 |a ger 
044 |c XA-DXDE 
084 |a 2,1  |2 ssgn 
084 |a 86.09  |2 bkl 
084 |a 86.37  |2 bkl 
100 1 |a Michaelis, Franz von  |0 (DE-588)126937664  |0 (DE-627)695072145  |0 (DE-576)296049271  |4 aut 
109 |a Michaelis, Franz von 
245 1 0 |a Leitfaden über Gefängniskunde  |c [Franz] v. Michaelis 
264 1 |a Münster  |b Theissing  |c 1925 
300 |a 153 S 
336 |a Text  |b txt  |2 rdacontent 
337 |a ohne Hilfsmittel zu benutzen  |b n  |2 rdamedia 
338 |a Band  |b nc  |2 rdacarrier 
546 |a In Fraktur 
583 1 |a Archivierung prüfen  |c 20240324  |f DE-4165  |z 1  |2 pdager 
583 1 |a Archivierung/Langzeitarchivierung gewährleistet  |c 20240722  |f NI-LastCopies  |x XA-DE-NI  |z Potenzieller Alleinbesitz Niedersachsen  |2 pdager  |5 DE-89 
650 4 |a Strafvollzug  |7 (dpeaa)DE-2619 
651 7 |0 (DE-588)2008993-4  |0 (DE-627)101639600  |0 (DE-576)191639591  |a Deutsches Reich  |2 gnd  |7 (dpeaa)DE-2619 
935 |a mkri 
936 b k |a 86.09  |j Rechtsgeschichte  |0 (DE-627)106413481 
936 b k |a 86.37  |j Strafvollzug  |0 (DE-627)106413546 
951 |a BO 
ELC |b 1 
LOK |0 000 xxxxxcx a22 zn 4500 
LOK |0 001 4196255361 
LOK |0 003 DE-627 
LOK |0 004 243611552 
LOK |0 005 20221011150518 
LOK |0 008 221011||||||||||||||||ger||||||| 
LOK |0 035   |a (DE-2619)k00036 
LOK |0 040   |a DE-2619  |c DE-627  |d DE-2619 
LOK |0 092   |o n 
LOK |0 541   |e Bestand Albert-Krebs-Bibliothek: 1996-27 
LOK |0 852   |a DE-2619 
LOK |0 852 1  |c NA.05.015  |m p  |9 00 
LOK |0 935   |a kreb 
LOK |0 938   |k p 
LOK |0 939   |a 11-10-22  |b l01 
ORI |a SA-MARC-krimdoka001.raw